Statistics for 100 Biggest Cities in Czech Republic Map Quiz

Click here to take the quiz!

General Stats

  • This quiz has been taken 204 times
  • The average score is 58 of 100

Answers on the Map

Answers color-coded by a green-red scale on the quiz's map according to % correct below.
 

Answer Stats

PopulationCity% Correct
3290450Ostrava
99%
11294513Prague
99%
2379527Brno
98%
2148776Karlovy Vary
96%
4170936Plzeň
95%
793863České Budějovice
94%
6100494Olomouc
92%
893040Ústí nad Labem
92%
1174947Zlín
92%
5103979Liberec
91%
1090335Pardubice
91%
992917Hradec Králové
90%
1850724Jihlava
89%
1466644Most
84%
1557019Opava
83%
3332171Cheb
81%
9913245
76%
3133719Znojmo
76%
1656334Frýdek-Místek
75%
1368804Kladno
75%
2444167Mladá Boleslav
74%
1949563Teplice
74%
10013028Český Krumlov
71%
3034467Tábor
71%
3630119Písek
69%
2049226Děčín
68%
2248666Chomutov
66%
1753522Karviná
66%
3926151Šumperk
66%
4224797Břeclav
65%
3530577Trutnov
64%
3431355Kolín
63%
2643565Přerov
63%
2543798Prostějov
63%
1272382Havířov
60%
2737405Česká Lípa
59%
4324683Hodonín
59%
2345771Jablonec nad Nisou
59%
4624045Litoměřice
59%
4923438Sokolov
59%
4125215Uherské Hradiště
59%
6519351Mělník
57%
5023133Chrudim
56%
3828897Kroměříž
56%
2836050Třebíč
56%
7616522Benešov
55%
7816495Bruntál
55%
4424599Český Těšín
55%
7916480Jičín
55%
5621460Jindřichův Hradec
55%
6120536Kutná Hora
55%
2935302Třinec
55%
6419439Beroun
54%
4723595Krnov
54%
3232867Příbram
54%
5720999Vyškov
53%
6220132Náchod
52%
8915062Nymburk
52%
9114312Turnov
52%
5322288Klatovy
51%
4524143Litvínov
51%
4026109Vsetín
51%
5820994Žďár nad Sázavou
51%
5123101Havlíčkův Brod
50%
8216105Pelhřimov
50%
5422200Valašské Meziříčí
49%
5920761Bohumín
48%
4823567Nový Jičín
48%
7716522Uherský Brod
47%
3729108Orlová
46%
6020650Blansko
45%
6818446Louny
45%
7516865Ostrov
45%
8315893Rakovník
45%
7416937Svitavy
45%
8615512Česká Třebová
44%
6918213Hranice
44%
7217932Otrokovice
43%
9314111Poděbrady
43%
6619142Žatec
43%
9414074Rokycany
42%
7018100Kralupy nad Vltavou
41%
8016469Rožnov pod Radhoštěm
41%
9214163Ústí nad Orlicí
41%
8715448Říčany
40%
5222888Strakonice
40%
9813481Šternberk
38%
7118015Kadaň
36%
8815429Varnsdorf
35%
9613666Zábřeh
34%
8515613Slaný
33%
5522091Kopřivnice
32%
6319466Jirkov
30%
8415733Dvůr Králové nad Labem
29%
9713547Chodov
27%
9014496Klášterec nad Ohří
27%
9513996Hlučín
26%
7317203Bílina
25%
8116180Neratovice
25%
6718815Brandýs nad Labem-Stará Boleslav
21%

Score Distribution

Percentile by Number Answered

Percent of People with Each Score

Your Score History

You have not taken this quiz